| 000 | 00536nam a22001577a 4500 | ||
|---|---|---|---|
| 008 | 230501b |||||||| |||| 00| 0 eng d | ||
| 040 |
_aNational Science Library _cNational Science Library |
||
| 080 |
_aR 92:061.6.055.6(540) _bK6 |
||
| 245 |
_aBiographical memories of fellows of the national institute of sciences of India _b/ National Institute of Science |
||
| 250 | _a7th ed. | ||
| 260 |
_aNew Delhi: _bNational Institute of Science, _c1966 |
||
| 300 | _a186p. | ||
| 650 | _aManagement | ||
| 653 | _aHandbook | ||
| 942 |
_2udc _cREF |
||
| 999 |
_c25885 _d25885 |
||